| 000 | 00440nam a2200181Ia 4500 | ||
|---|---|---|---|
| 005 | 20240823060003.0 | ||
| 008 | 240823s9999||||xx |||||||||||||| ||und|| | ||
| 041 | _aENGLISH | ||
| 082 | _A658.562 Q3 | ||
| 100 | _aJayakumar V | ||
| 245 | 0 | _aTotal Quality Management | |
| 250 | _a5th | ||
| 260 |
_c2013 _bLakshmi Publica |
||
| 500 | _aYES | ||
| 650 |
_aTotal Quality Management _bManagement Studies |
||
| 700 | _aRaju R | ||
| 942 | _cBK | ||
| 999 |
_c230073 _d230073 |
||